Một số giải pháp quản lý nâng cao chất lượng đội ngũ giáo viên các trường Trung học Cơ sở huyện Vĩnh Thạnh, thành phố Cần Thơ Luận văn thạc Quản lí giáo dục. Chuyên ngành: Quản lí giáo dục. Mã số: 60 14 05

Gorde:
Xehetasun bibliografikoak
Egile nagusia: Nguyễn, Văn Liếng
Beste egile batzuk: Ngô Sỹ Tùng (Hướng dẫn)
Formatua: Luận văn Kit Liburua
Argitaratua: Nghệ An Đại học Vinh 2012
Gaiak:
Etiketak: Etiketa erantsi
Etiketarik gabe, Izan zaitez lehena erregistro honi etiketa jartzen!
Thư viện lưu trữ: Trung tâm Học liệu Lê Vũ Hùng, Trường Đại học Đồng Tháp
LEADER 01242ppm a22003018a 4500
001 00036625
005 20171026081025.0
008 170315s2012 ||||||Viesd
041 0 # |a Vie 
082 1 4 |a 373.11  |b M458S 
100 1 # |a Nguyễn, Văn Liếng 
245 0 0 |c Nguyễn Văn Liếng ; Ngô Sĩ Tùng (hướng dẫn)  |a Một số giải pháp quản lý nâng cao chất lượng đội ngũ giáo viên các trường Trung học Cơ sở huyện Vĩnh Thạnh, thành phố Cần Thơ  |b Luận văn thạc Quản lí giáo dục. Chuyên ngành: Quản lí giáo dục. Mã số: 60 14 05 
260 # # |a Nghệ An  |b Đại học Vinh  |c 2012 
300 # # |a 108tr.  |c 30cm. 
500 # # |a ĐTTTS ghi: Bộ giáo dục và đào tạo. Đại học Vinh 
653 # # |a Chất lượng 
653 # # |a Giáo viên 
653 # # |a THCS 
653 # # |a Nâng cao 
653 # # |a Luận văn 
700 1 # |a Ngô Sỹ Tùng  |e Hướng dẫn 
852 # # |j LV.0001010 
852 # # |b Kho đọc SĐH  |j LV.0001010 
910 |d 15/03/2017 
980 # # |a Trung tâm Học liệu Lê Vũ Hùng, Trường Đại học Đồng Tháp